000 00643nam a22002057a 4500
005 20260410152514.0
010 _aENG-141333 ENG-148209
020 _a9789388658362
_c350.00
035 _aEN-124865
035 _aEN-131741
037 _bDBAD
082 _a921
_24
100 _aGauba, O.P.
245 _aWestern Political Thought/
_cBy O.P. Gauba
250 _a4
260 _aNew Delhi
_bNational Paperbacks
_c2018
270 _bNew Delhi
_a4230/1, Ansari Road, Darya Ganj
_e110002
_mnationalpaperbacks2018@gmail.com
_k011-41040710
_k011-47014602
300 _a380p.
_bIndex
_c24cm(pbk)
942 _2ddc
_cEN
_h921
_mGAU
_e4
999 _c205099
_d205099